000 00911nas a2200277 4500
001 BR2011000633
003 BR-BrBNA
005 20231205114423.0
007 ta
008 230509b bl.|||p| |||| 00| 00por d
040 _aBR-BrBNA
_bpor
_cBiblioteca Nacional de Agricultura
041 _a(Pt)
072 _aH20
100 1 _aCorrêa, E.B.
100 1 _aBettiol, W.
100 1 _aMorandi, M.A.B.
245 1 _aControle biológico da podridão de raiz causada por Pythium aphanidermatum e promoção de crescimento de alface hidropônica com Clonostachys rosea
650 _aALFACE
650 _aFUNGO
650 _aREGULADOR DE CRESCIMENTO
650 _aCONTROLE BIOLÓGICO
650 _aCULTIVO HIDROPONICO
773 0 _tTropical Plant Pathology (Brazil)
_xISSN 1982-5676
_g(Jul-Aug 2010), v. 35(4) p. 248-252
_wBR2011000633
909 _a202311
_bLúcia
_c55
_dLúcia Elande
942 _2AGRIS
_n0
_cANA
999 _c208688
_d208688